01492nam a2200277 a 4500001001000000005001700010008004100027041000800068044000700076084002000083100004500103245008100148260003100229300001900260500014800279500024400427500020400671500001000875650005200885650005600937650003400993650004501027700004301072700004901115740005001164BRCA_266320190320203919.0021208s1883----u--#---###---#000-0dspa-u aspa asp a200b.A67c18831 aCervantes Saavedra, Miguel ded1547-161610aEl Ingenioso Hidalgo Don Quijote de la ManchacMiguel de Cervantes Saavedra. aNueva YorkbAppletonc1883 a695 p.c19 cm. aContenido : Advertencia del editor. Vida y análisis de las obras de Cervantes por J. Ticknor. Prólogo del autor. Versos preliminares. Texto aEdición : Según el texto corregido y anotado por el Sr. Ochoa. Nueva edición americana, acompañada de un ensayo historico sobre la vida y escritos de Cervantes por Jorge Ticknor autor de la ´Historia de la literatura española´ aLinda edición norteamericana con un interesante ensayo del notable hispanista J. Ticknor sobre la vida y obra del autor. Tela; lomo y tapa con figuras y motivos quijotescos dorados Lúdovik Osterc aQM19114aNovela españolayÉpoca clásica, 1500-170014aLiteratura españolayÉpoca clásica, 1500-170014aNovela españolaySiglo XVII14aDon Quijote (Personaje ficticio)eNovela1 aTicknor, Georged1791-1871eBiógrafo1 aOchoa y Montel, Eugeniod1815-1872eAnotador0 aEl Ingenioso Hidalgo Don Quijote de la Mancha